00718nam a2200181 a 4500008004100000050001400041100001900055245004800074246005300122260004000175300002100215350000900236650003700245650001400282995009300296999001700389952013000406120416s1966 ||||||||||||||||| || u aHD 82 Hol aHolt, Robert T14aThe political basis of economic development aan exploration in comparative political analysis aPrinceton, N.J.bVan Nostrandc1966 avi, 410p. : ill. a0.00 aPOLITICAL ECONOMICS--DEVELOPMENT 0aECONOMICS D0.00FCBU-MAIN LIBRARY (Kitwe)H1I0.00M1UDAMAGEDZMain Library Open Access Collection c53881d53881 00102lcc4070a001b001cMain Library Open Access Collectiond2022-11-30l0oHD 82 Holp003931r2022-11-30w2022-11-30y002